000 00800nam a2200253Ia 4500
003 OSt
005 20220925204120.0
006 a|||||r|||| 00| 0
007 ta
008 220923b |||||||| |||| 00| 0 eng d
037 _cGeneral Book
040 _aRTL
_cRTL
_beng
041 _2eng
_aeng
082 _aY:582.1.N7, L1
100 _aThomas John F
_9233860
245 0 _aPlanned international migration and multilateral c
260 _aGeneva
_bGIIS
_c1971
300 _a48p
_ccm.
490 _aGraduate Institute of International Studies, Collection Conference No.8. Intergovernmental Committee for European Migration
500 _aBibliography: p 47-48
650 _aMigration
942 _hY:582.1.N7, L1
_cGB
_2CC
999 _c548584
_d548584